Statistics for Morbius Quiz (SPOILERS)

Click here to take the quiz!

General Stats

  • This quiz has been taken 80 times
  • The average score is 2 of 7

Answer Stats

ActorRole% Correct
Jared LetoDr. Michael Morbius
100%
Michael KeatonAdrian Toomes/The Vulture
55%
Matt SmithLoxias Crown
46%
Adria ArjonaMartine Bancroft
14%
Jared HarrisEmil Nikolis
13%
Al MadrigalAgent Rodriguez
10%
Tyrese GibsonAgent Stroud
6%

Score Distribution

Percentile by Number Answered

Percent of People with Each Score

Your Score History

You have not taken this quiz